Logo Biblioteca

La era de la Revolución : (Registro nro. 371)

Detalles MARC
000 -LEADER
fixed length control field 01044nam a22001937a 4500
003 - CONTROL NUMBER IDENTIFIER
control field OSt
005 - DATE AND TIME OF LATEST TRANSACTION
control field 20241111090427.0
008 - FIXED-LENGTH DATA ELEMENTS--GENERAL INFORMATION
fixed length control field 241106s2023 ag ||||| |||| 00| 0 spa d
020 ## - INTERNATIONAL STANDARD BOOK NUMBER
International Standard Book Number 9789874479044
040 ## - CATALOGING SOURCE
Transcribing agency besoc
100 1# - MAIN ENTRY--PERSONAL NAME
Personal name Hobsbawm, Eric J.,
Fuller form of name (Eric John),
Dates associated with a name 1917-2012
245 13 - TITLE STATEMENT
Title La era de la Revolución :
Remainder of title 1798-1848 /
Statement of responsibility, etc. Eric Hobsbawm ; traducción de Felipe Ximénez de Sandoval
250 ## - EDITION STATEMENT
Edition statement 1a ed. 2a reimp.
260 ## - PUBLICATION, DISTRIBUTION, ETC.
Place of publication, distribution, etc. Buenos Aires :
Name of publisher, distributor, etc. Crítica,
Date of publication, distribution, etc. 2023
300 ## - PHYSICAL DESCRIPTION
Extent 340 p.
505 ## - FORMATTED CONTENTS NOTE
Formatted contents note Primera parte. Evoluciones: 1. El mundo en 1780-1790 -- 2. La Revolución industrial -- 3. La Revolución francesa -- 4. La guerra -- 5. La paz -- 6. Las revoluciones -- 7. El nacionalismo -- Segunda parte. Consecuencias: 8. La tierra -- 9. Hacia un mundo industrial -- 10. La carrera abierta hacia el talento -- 11. El trabajador pobre -- 12. Ideología religiosa -- 13. Ideología secular -- 14. Las artes -- 15. La ciencia -- 16. Conclusión: hacia 1848 -- Mapas.-
650 #4 - SUBJECT ADDED ENTRY--TOPICAL TERM
Topical term or geographic name entry element Historia
Chronological subdivision Siglo XVIII
-- Siglo XIX
942 ## - ADDED ENTRY ELEMENTS (KOHA)
Source of classification or shelving scheme Universal Decimal Classification
Koha item type Libro de préstamo a domicilio
Suppress in OPAC No
Existencias
Withdrawn status Lost status Source of classification or shelving scheme Damaged status Not for loan Collection Home library Current library Date acquired Total checkouts Full call number Barcode Date last seen Price effective from Koha item type
    Universal Decimal Classification     Colección General Biblioteca Escuela de Ciencias Sociales Biblioteca Escuela de Ciencias Sociales 06/11/2024   94(100)"1789/1848" H684 001272 06/11/2024 06/11/2024 Libro de préstamo a domicilio
Biblioteca de la Escuela Preuniversitaria en Ciencias Sociales y Humanísticas.
Riobamba 250 bis.
CP 2000 - Rosario - Santa Fe
E-Mail: biblioteca@esociales.unr.edu.ar